[Event "Vojvodina-ch 6th"]
[Site "Novi Sad"]
[Date "2015.07.30"]
[Round "8"]
[White "Radovanovic, Nikola"]
[Black "Atalik, Suat"]
[Result "1/2-1/2"]
[WhiteElo "2420"]
[BlackElo "2564"]
[Annotator "Atalik,S"]
[PlyCount "179"]
[EventDate "2015.07.25"]
[EventType "swiss"]
[EventRounds "9"]
[EventCountry "YUG"]
[SourceTitle "EXT 2016"]
[Source "ChessBase"]
[SourceDate "2015.10.08"]
[SourceVersion "1"]
[SourceVersionDate "2015.10.08"]
[SourceQuality "1"]

1. d4 f5 2. c4 Nf6 3. Nc3 d6 4. Nf3 g6 5. g3 Bg7 6. Bg2 O-O 7. O-O c6 (7... Qe8
{I have had some games with this move on both sides of the board after which}
8. Re1 {makes sens due to the pawn sac.} Qf7 9. e4 fxe4 10. Nxe4 Nc6 $13) 8.
Re1 $6 Na6 $1 9. Rb1 {If White could not have pushed e4 so why the rook has
moved there?} (9. e4 $2 fxe4 10. Nxe4 Nxe4 11. Rxe4 e5 (11... Bf5 12. Re1 e5
$40) 12. dxe5 dxe5 $40) 9... Nc7 10. b4 Be6 11. Qd3 Ne4 $5 $146 (11... d5 12.
c5 Ne4 {is also OK for Black.}) (11... b5 $5 12. cxb5 cxb5 13. Nxb5 Nxb5 14.
Qxb5 Bxa2 $11) 12. Ng5 d5 (12... Nxg5 13. Bxg5 d5 14. cxd5 Nxd5 15. b5) 13. c5
(13. Nxe6 $142 Nxe6 14. e3 N6g5 $40) 13... Bc8 $1 14. Nf3 a5 15. a3 axb4 16.
axb4 (16. Rxb4 Na6 $17) 16... f4 $1 $17 {Black already took the control in the
game.} 17. Bxf4 Rxf4 18. gxf4 Ra3 19. Rbc1 Bf5 {I was in between the text} ({
and} 19... Nb5 $142 20. Nxb5 Rxd3 21. exd3 Nf6 22. Nc3 (22. Na7 $5 Bd7 23. b5
Nh5 (23... cxb5 24. Ne5) 24. bxc6 bxc6 25. Rb1 Nxf4 26. Rb7 $132) 22... Nh5 23.
Ne2 Qf8 $40) 20. Nh4 Nxc3 21. Nxf5 N3b5 22. Qb1 (22. Qd2 gxf5 23. e3) (22.
Nxe7+ $2 Qxe7 23. Qd2 Nxd4 $19 {get sthe critical central pawn.}) 22... gxf5
23. e3 $15 e6 24. Qb2 Ra8 $1 {I rightfully thought to keep the rook.} (24...
Qa8 25. Ra1 Rxa1 26. Rxa1 {makes the defence easier.}) 25. Ra1 Rb8 26. Kh1 Kf7
27. Bf3 Bf6 28. Rg1 Qh8 29. Qd2 Ke7 30. Be2 $15 Rg8 $5 {Could not make the
presence of my rook useful.} 31. Rxg8 Qxg8 32. Bd3 Kd7 33. Be2 Qf8 34. Bd3 Qh6
35. Bf1 Qh5 36. Be2 Qh4 37. Bf1 Bg7 38. Bd3 Qh3 39. Bf1 Qf3+ 40. Bg2 Qh5 41.
Bf1 Bf6 42. Be2 Qh6 43. Ra2 $11 {Cautious!} (43. Bf1 Nxd4 $5 44. exd4 e5 45.
Ra3 e4 46. b5 $1 cxb5 47. f3 $1 {is very sharp.}) 43... Bh4 44. Bf1 Ke7 45. Bd3
Qg7 46. Bf1 Bf6 47. Be2 Kd7 (47... Nxd4 $5 48. exd4 Bxd4 49. Bd3 Qg4 (49... Bc3
50. Qe3 Bxb4 51. Bxf5 $13) 50. Ra7 $11) 48. Bf1 {He could have exchanged a
pair of light figures to get into the 8th.} (48. Bxb5 $5 Nxb5 49. Ra8 Bd8 $11)
48... h5 (48... Nxd4 49. exd4 Bxd4 50. Ra3 $132) 49. Be2 h4 $1 (49... Nxd4 50.
exd4 Bxd4 51. Bxh5 Bc3 52. Qe3 Bxb4 $13) 50. h3 Qh8 $2 {Having control of the
g3-square thus depriving White from Ra3-g3 I should have finally sacrificed
the knight for 2 pawns.} (50... Nxd4 $142 $5 51. exd4 Bxd4 52. Bd3 Bc3 53. Qe2
(53. Qc2 Bxb4 54. Ra4 Qc3 55. Qxc3 Bxc3 56. Kg2) 53... Bxb4 (53... Qd4 54. Qh5
$1) 54. Rc2 $17) 51. Kg2 Ke7 52. Kh1 Qe8 53. Ra5 Qb8 54. Ra2 $2 {I insisted on
not playing Nd4 and he did the same with Bb5, so the duel continues.} (54. Bxb5
$5 Nxb5 (54... cxb5 $5 $11) 55. Qa2 Nc7 56. Ra7 b5 57. Qa5 Kd7 58. Qb6 Qc8 $11)
54... Kd7 (54... b6 55. Bxb5 Nxb5 56. Ra6 $11) 55. Bd3 Be7 (55... b6 56. Ra4
bxc5 57. bxc5 $13) 56. Qc2 Na6 57. Qb3 (57. Bxb5 Nxb4 58. Bxc6+ Nxc6 (58...
bxc6 $2 59. Qb1) 59. Qe2 $11) 57... Bd8 58. Ra1 (58. Bf1 Nxd4) 58... Nxd4 $2 {
Finally I have broke the statusquo in mutual time trouble.It turned out to be
a total bluff.} 59. Qb2 $5 {One of the two options but maybe not the best one.}
(59. Qc3 $1 Bf6 60. Bxa6 bxa6 (60... Ke7 $2 61. exd4 Qxf4 62. Qe3 $18) 61. Rd1
(61. Rxa6 Qb5 62. Ra7+ Ke8 63. Kg2 Nf3 64. Qxf6 Ne1+ $11) 61... e5 62. exd4 (
62. fxe5 $2 Nb5) 62... e4 63. Qd2 Qb5 $44) (59. exd4 $2 Qxf4 60. Kg2 Qxd4 61.
Ra4 Nc7 $17) 59... Bf6 60. b5 $2 $138 (60. Bxa6 Ke7 61. exd4 Qxf4 62. Qe2 bxa6
63. Qe3 (63. Re1 Qe4+) 63... Qe4+ 64. Qxe4 fxe4 65. Rxa6 Kd7 66. Ra7+ Kd8 67.
Kg2 Bxd4 68. f3 exf3+ 69. Kxf3 e5 $16) 60... Nxc5 61. exd4 Nxd3 62. bxc6+ Kc7
63. Qd2 Bxd4 64. Rb1 Nxf2+ 65. Kh2 Qg8 66. Rb3 $2 {After a lot of forced moves
he missed a beautiful stalemate.} (66. Rxb7+ $1 Kxc6 67. Qc2+ Kxb7 68. Qc6+ $1
$11) {I think everybody else in the whole saw the winning move except me.}
66... Bc5 $2 (66... Nd3 $1 $19) 67. cxb7 Ne4 68. Qa5+ Kd7 69. b8=N+ $2 {
This underpromotion sends him again on the losing side!} (69. Qa4+ Ke7 70. Qa1
Bd6 (70... Qb8 71. Qg7+ Kd8 72. Qg8+ Kc7 73. Qxe6 Nd6 74. Qxd5 Nxb7 75. Rxb7+
Qxb7 76. Qxc5+ $11) 71. b8=Q Bxb8 72. Rb7+ Kd6 73. Qa6+ Kc5 74. Qb6+ Kc4 75.
Qb3+ Kd4 76. Rb4+ Kc5 77. Rb5+ $11) 69... Ke8 70. Qa4+ Kf7 71. Rb7+ Be7 $2 ({
I have seen but I have forgotten} 71... Kg6 $1 72. Qa1 (72. Nd7 Kh6 $19) 72...
Kh6 73. Rb3 Bd6 $19) 72. Qa3 $1 $11 Qg3+ $6 (72... Nd6 $1 73. Rxe7+ (73. Qxd6
Qg3+ $11) 73... Kxe7 74. Nc6+ Kd7 75. Ne5+ Ke7 76. Nc6+ $11) 73. Qxg3 hxg3+ 74.
Kg2 Ke8 75. Nc6 Bd6 76. Nd4 (76. Ne5 d4 $44) 76... Nc5 77. Rb6 Bxf4 78. Nxe6 {
Now it is a draw.} (78. Rc6 Be3 (78... Nd3 79. Rxe6+ Kf7) 79. Nxe6 Ne4 $13)
78... Nxe6 79. Rxe6+ Kf7 80. Ra6 d4 81. h4 Be5 $1 82. Kf3 f4 83. Ra5 (83. h5 d3
84. Ra3 d2 85. Rd3 Bc3 $11) (83. Ke4 g2 84. Ra1 d3 85. Rd1 d2 86. Kf3 Kg6 87.
Kxg2 Kh5 88. Kh3 Bc3 $11) 83... Ke6 $1 $11 {I only had to find this move at
the 6th hour of play.} 84. h5 (84. Ke4 Bd6 85. Kxd4 f3 86. Ke3 g2 87. Rg5 Bf4+
88. Kxf3 Bxg5 89. Kxg2 $11) 84... d3 85. Ra3 d2 86. Rd3 Bc3 87. h6 Kf7 88. h7
Kg7 89. Rd7+ Kh8 90. Kg2 (90. Kg2 Bb4 $11 (90... Bg7 91. Rxd2 Kxh7 $11))
1/2-1/2

[Event "Vrsac"]
[Site "Vrsac"]
[Date "1989.??.??"]
[Round "2"]
[White "Damljanovic, Branko"]
[Black "Vasiukov, Evgeni"]
[Result "0-1"]
[WhiteElo "2555"]
[BlackElo "2515"]
[Annotator "ChessBase"]
[PlyCount "72"]
[EventDate "1989.09.??"]
[EventType "tourn"]
[EventRounds "11"]
[EventCountry "YUG"]
[EventCategory "10"]
[SourceTitle "CBM 015"]
[Source "ChessBase"]
[SourceDate "1990.04.01"]
[SourceVersion "1"]
[SourceVersionDate "1990.04.01"]
[SourceQuality "1"]

1. Nf3 f5 2. g3 Nf6 3. Bg2 g6 4. O-O Bg7 5. c4 O-O 6. d4 d6 7. Nc3 Na6 8. Rb1 (
8. b3 c6 9. Bb2 Bd7 10. Rc1 Qe8 {Davies,N-Vasiukov,E/Vrsac/1989/  ->}) 8... c6
9. d5 Qe8 10. b3 Bd7 11. Bb2 Rc8 {11...Nc7} 12. Nd4 Qf7 13. e3 Nc5 14. Nde2 g5
15. f4 Qh5 16. Nd4 Qh6 17. Nf3 gxf4 18. exf4 Ng4 19. Re1 Rfe8 20. b4 $6 (20. h3
Nf6 21. Ng5 $13) 20... Bxc3 $1 21. Bxc3 Ne4 22. Ba1 cxd5 23. cxd5 Rc4 24. Bf1
Rcc8 25. Qd4 a6 26. Rbc1 Ngf6 27. Bb2 Bb5 28. Bg2 Qh5 29. Nd2 Rxc1 30. Rxc1 $2
(30. Bxc1 Ng4 (30... Rc8 31. Bxe4) 31. h3 Ngf2 32. Nxe4 Nxe4 33. Bxe4 fxe4 34.
Bb2) 30... Qe2 $1 31. Nxe4 fxe4 32. Bf1 Qh5 33. Bg2 Bd3 34. Re1 Rc8 35. h3 Rc2
36. g4 Qh4 $138 {-+} 0-1

[Event "Linares 07th"]
[Site "Linares"]
[Date "1989.??.??"]
[Round "?"]
[White "Karpov, Anatoly"]
[Black "Jussupow, Artur"]
[Result "1-0"]
[WhiteElo "2750"]
[BlackElo "2610"]
[Annotator "ChessBase"]
[PlyCount "83"]
[EventDate "1989.01.??"]
[EventType "tourn"]
[EventRounds "11"]
[EventCountry "ESP"]
[EventCategory "16"]
[SourceTitle "CBM 011"]
[Source "ChessBase"]
[SourceDate "1989.08.01"]
[SourceVersion "1"]
[SourceVersionDate "1989.08.01"]
[SourceQuality "1"]

1. c4 f5 2. d4 Nf6 3. g3 g6 4. Bg2 Bg7 5. Nc3 d6 6. Nf3 O-O 7. O-O c6 8. b3 Qc7
9. Ba3 {verhindert 9...e5} a5 10. Rc1 Na6 11. Qd2 Bd7 12. Rfe1 Nb4 13. Bb2 e5
$6 14. a3 Na6 15. dxe5 dxe5 16. Nb5 $1 cxb5 17. cxb5 Nc5 18. Bxe5 Qb6 19. Bxf6
Bxf6 20. Qd5+ Ne6 (20... Be6 21. Qxc5 Qxc5 22. Rxc5 Bxb3 23. Ne5 b6 24. Bxa8
bxc5 25. Nd7 Rxa8 26. Nxf6+ Kf7 27. Nd7 Rc8 28. b6 Bd5 29. Rb1 Bb7 30. Rc1 c4
31. Rxc4 Rxc4 32. Ne5+ Ke6 33. Nxc4 $18) 21. Qxd7 Rad8 22. Rc6 $1 Rxd7 (22...
bxc6 23. Qxe6+ Kh8 24. Ne5 Rde8 25. Qxc6 $16) (22... Qxc6 23. bxc6 Rxd7 24.
cxd7 Nc5 25. Rd1 Nxb3 26. Ne5 Rd8 27. Bxb7 Bxe5 28. Bd5+ Kf8 29. Bxb3 $16) 23.
Rxb6 Nc5 24. b4 axb4 25. axb4 Ne4 26. e3 Kf7 27. h4 Rb8 28. Rc1 Ke7 29. Nd4 Kf7
30. Bxe4 fxe4 31. Ne6 Bd8 32. Ng5+ Bxg5 33. hxg5 Re8 34. Rc4 Kg7 35. Kg2 Rf7
36. Rd6 h6 37. gxh6+ Kxh6 38. b6 Re5 39. Rc7 Rf8 40. Rxb7 Ref5 41. Rd2 Rb5 42.
Rd4 1-0

[Event "Berliner Sommer 15th"]
[Site "Berlin"]
[Date "1997.??.??"]
[Round "8"]
[White "Chuchelov, Vladimir"]
[Black "Renner, Christoph"]
[Result "1-0"]
[WhiteElo "2540"]
[BlackElo "2445"]
[Annotator "Chuchelov,V"]
[PlyCount "79"]
[EventDate "1997.08.??"]
[EventType "swiss"]
[EventRounds "9"]
[EventCountry "GER"]
[SourceTitle "CBM 059 Extra"]
[Source "ChessBase"]
[SourceDate "1997.09.26"]
[SourceVersion "1"]
[SourceVersionDate "1997.09.26"]
[SourceQuality "1"]

1. d4 f5 2. g3 Nf6 3. Bg2 g6 4. Nf3 Bg7 5. O-O O-O 6. c4 d6 7. Nc3 c6 8. d5 e5
9. dxe6 Bxe6 10. Qd3 Re8 $5 {An interesting continuation. Black's idea is to
meet 11.Bf4 with 11..Ne4(12.Ne4??fe13.Qe4Bf5-+)} (10... Na6 11. Bf4 (11. Ng5
Re8 (11... Qe7 12. Bf4 Rad8 13. Rad1 (13. Qe3 Nc5 14. b4 Ng4 15. Qc1 Nd7 16. h3
Nge5 17. Nd5 Bxd5 18. cxd5 Rc8 19. Ne6 Rfe8 20. Nxg7 Kxg7 21. dxc6 bxc6 22. Rd1
$14 {1/2-1/2 Southam,D-Palatnik,S/Philadelphia World op 1992 (40)}) 13... Ng4 (
13... Nh5 14. Nd5 Bxd5 15. cxd5 Nxf4 16. gxf4 h6 17. Ne6 Nc5 18. Nxc5 dxc5 19.
Qb3 cxd5 20. Bxd5+ {1/2-1/2 Dobosz,H-Dybowski,J/Naleczow 1985}) 14. Nxe6 (14.
Nd5 Qe8 15. Nxe6 Qxe6 16. b3 Ne5 17. Qc2 Kh8 18. Nc3 Nc5 $13) 14... Qxe6 15. b3
Nc5 16. Qc2 Qe7 17. Bc1 h5 18. h3 Ne5 19. e4 Qf6 20. exf5 gxf5 21. Ne2 h4 22.
Nf4 hxg3 23. fxg3 Bh8 24. Be3 (24. Ne2 $140 $14 {-d4}) 24... a5 25. Bd2 a4 26.
Ba5 axb3 27. axb3 Rd7 28. Bc3 $14 {1/2-1/2 Zhidkov,V-Kholmov,R/URS-ch40 Baku
1972 (65)}) (11... Qd7 12. Bf4 Rad8 13. Rad1 Ne8 14. b3 Nc5 15. Qd2 a5 16. Rfe1
Bf6 17. e4 Qg7 18. Na4 Bc8 19. Qxa5 Nxa4 20. bxa4 $16 {1-0 Padevsky,
N-Borngaesser,R/Pula zt 1975 (43)}) (11... Bc8 12. Bf4 Nh5 13. Qxd6 (13. Rad1
Nxf4 14. gxf4 h6 15. Nf3 Rf6 $11 {1/2-1/2 Garcia Palermo,C-Ivkov,B/Havana
Capablanca-mem-A 1986 (23)}) 13... Nxf4 14. Qxf4 h6 15. Nf3 g5 16. Qc1 Be6 17.
Rd1 Qe7 18. h4 f4 19. hxg5 hxg5 20. Ne4 fxg3 (20... Bf5 21. Nfxg5 fxg3 22. Nxg3
Qe5 23. Nf3 Qxb2 24. Nxf5 Qxa1 25. Ne7+ Kf7 26. Qd2 Rad8 27. Nd5 Qb2 28. Qf4+
Bf6 29. Qf5 Rg8 30. Rb1 {1-0 Naumkin,I-Yilmaz,T/Moscow Tal 1992}) 21. Nxg3 g4
22. Nd4 Bd7 23. e4 Bxd4 24. Rxd4 Nc5 25. Nf5 Bxf5 26. exf5 Qf6 27. Rxg4+ Kf7
28. Rg6 Qd4 29. Qg5 $16 {1-0 Dukhov,A-Yilmaz,T/Moscow Tal 1992 (43)}) (11...
Nc5 12. Nxe6 Nxe6 13. b3 Qe7 14. Ba3 Nc5 15. Qc2 Ng4 16. Rad1 a5 17. Qd2 Rad8
18. Na4 $5 Rfe8 19. Qxa5 Nxa4 20. Qxa4 Qxe2 $13 {1-0 Kozul,Z-Kovacevic,V/
JUG-ch Novi Sad 1985 (45)}) 12. Rd1 (12. Bf4 Qb6 (12... Ng4 13. Nxe6 Rxe6 14.
e4 Nc5 15. Qc2 Nxe4 16. Nxe4 fxe4 17. Bxe4 Qb6 $36 {Wittwer,M-Bernstein,D/
EUchT-qual Luzern 1982/1/2-1/2 (57)}) 13. b3 {+/= Smejkal,J-Lutikov,A/Leipzig
1977}) (12. Nxe6 Rxe6 13. Bg5 Qa5 14. Bd2 Nc5 15. Qc2 Qa6 16. b3 Nfe4 17. Nxe4
Nxe4 18. Rad1 Nxd2 19. Rxd2 Qa3 20. e3 a5 $11 {1/2-1/2 Bernstein,D-Kaiszauri,K/
Skara EUchT 1980 (23)}) 12... Nc5 13. Nxe6 Rxe6 14. Qc2 Nfe4 $6 (14... Qe7 $1
15. Bd2 (15. Be3 $2 Rxe3 $1 $17) 15... Nfe4 16. Nxe4 Nxe4 17. Bb4 $13) 15. Nxe4
Nxe4 16. Be3 Qe7 17. Bd4 $1 $14 {~~ Grivas,E-Palatnik,S/Iraklion 1992}) 11...
Qa5 (11... Qb6) (11... Ne8 $5 12. Ng5 $1 (12. Rad1 $6 Nb4 13. Qe3 Bxc4 {
0-1 Breutigam,M-Rakic,T/Delmenhorst 1987 (32)}) (12. b3 $6 Nc5 (12... Qf6 13.
Rac1 d5 14. cxd5 Nb4 15. Qd2 Nxd5 16. Be5 Qe7 17. Bxg7 Nxg7 18. Nd4 Nxc3 19.
Rxc3 Bf7 20. Rd1 a5 21. Rd3 Nh5 $11 {0-1 Neverov,V-Malaniuk,V/URS-sf
Ukraine-ch Kherson 1989 (40)}) 13. Qd2 Qe7 14. Rad1 a5 15. Nd4 Bf7 16. Rfe1 Ne4
17. Nxe4 fxe4 $13 {0-1 Titlianov,Y-Kasjanov,V/URS-chT 1988 (38)}) 12... Bc8 $5
(12... Nc5 13. Nxe6 Nxe6 14. Bd2 Qe7 15. Rad1 (15. b4 $5 $14) 15... Rd8 (15...
Nc5 16. Qc2 Nf6 17. e3 Rfe8 18. b4 Nce4 19. Nxe4 Nxe4 20. Bc1 a5 21. b5 Rac8
$11 22. Qd3 Red8 23. bxc6 bxc6 24. Ba3 Qe6 25. Rc1 Kh8 26. Rfd1 h5 27. Rc2 Bf6
28. Bb2 $14 {1-0 Gausel,E-Silseth,S/Gausdal Int 1992 (48)}) 16. Be3 a6 17. Bb6
Rd7 18. f4 Nf6 19. b4 $16 {1-0 Gabriel,C-Schwekendiek,U/Bad Woerishofen op
1992 (29)}) 13. Rad1 (13. Rfd1 h6 14. Nf3 Be6 15. Qe3 Bxc4 16. Bxh6 Bxh6 17.
Qxh6 Qf6 18. Ng5 Qg7 19. Qh4 Bf7 $14 {1-0 Keene,R-Wirthensohn,H/Hannover 1976 
(36)}) 13... h6 14. Nf3 Be6 15. Be5 (15. Bxd6 Nxd6 16. Qxd6 Qxd6 17. Rxd6 Bxc4
$15) (15. b3 $14) 15... Bxe5 16. Nxe5 Qf6 17. Nf3 Nb4 18. Qe3 Bxc4 19. a3 Nd5
20. Nxd5 Bxd5 21. Qxh6 $13 {~~ Obukhov,A-Kharlov,A/URS 1990}) (11... d5 12. Ng5
Nc5 (12... Bf7 13. Nxf7 Rxf7 14. cxd5 Nb4 15. Qc4 Nbxd5 16. Rad1 Rd7 17. Be5
Kh8 18. Nxd5 Nxd5 19. Bxg7+ Kxg7 20. Bxd5 $14 {1/2-1/2 Drasko,M-Rakic,T/
JUG-chT 1993 (37)}) 13. Qc2 d4 14. Na4 Nfd7 15. Rad1 Qe7 (15... h6 16. Nxc5
Nxc5 17. Nf3 g5 18. Nxd4 Bxd4 19. Be3 Bxe3 20. Rxd8 Bxf2+ 21. Rxf2 Raxd8 22. h4
$16 {1-0 Andersson,U-Tatai,S/Dortmund 1978 (29)}) 16. Nxc5 Nxc5 17. b4 Nd7 18.
e3 dxe3 (18... Nb6 19. c5 Nd5 20. Nxe6 Qxe6 21. Bd6 dxe3 22. Bxf8 e2 23. Rfe1
exd1=Q 24. Qxd1 Qf7 25. Bxg7 Kxg7 26. Bxd5 cxd5 27. Qd4+ $16 {1-0 Muco,
F-Yilmaz,T/Novi Sad olm ALB-TRK 1990 (54)}) 19. Rfe1 {+/- Andersson,U-Marovic,
D/Banjaluka 1979}) (11... Ne4 12. Nxe4 fxe4 13. Qxe4 Bf5 (13... Nc5 14. Qe3 (
14. Qc2 Bf5 15. Qd2 Ne4 (15... Qb6 16. Nd4 Ne4 17. Bxe4 Bxd4 18. Bxf5 Rxf5 19.
e3 Be5 20. Bxe5 dxe5 21. Rad1 $16 {1/2-1/2 Beil,Z-Dybowski,J/TCH-chT 1993 (40)}
) 16. Qb4 Qb6 17. Qxb6 axb6 18. Rad1 (18. Nh4 Bxb2 19. Nxf5 gxf5 20. Rad1 {
1/2-1/2 Kaabi,M-Barbero,G/Dubai olm 1986}) 18... Rxa2 19. Nd4 Rxb2 20. Bxe4
Bxe4 21. Ne6 Re8 22. Nxg7 Kxg7 23. f3 Bf5 24. e4 Bh3 25. Rf2 Rb4 $13 {1/2-1/2
Yrjola,J-Barbero,G/Mendoza u-26 tt 1985 (42)}) 14... Bxc4 15. Rad1 Re8 16. Qc1
Bxe2 17. Rxd6 Qa5 18. Bd2 (18. Be3 Ne4 19. Rd7 Qf5 20. Rxg7+ Kxg7 21. Nd4 Qh5
22. Nxe2 Qxe2 23. Re1 Qh5 24. Bxe4 Rxe4 25. Bh6+ Qxh6 26. Qc3+ Kg8 27. Rxe4 Qf8
28. Qe3 Qf6 29. Re7 b6 30. Qb3+ Kh8 31. Re6 Qf7 32. Qc3+ Kg8 33. Rxc6 $16 {
Cebalo,M-Kovacevic,V/Zagreb Vukovar 1993/1/2-1/2 (58)}) 18... Qb5 19. Nd4 Qd3
20. Be3 Ne4 21. Rd7 c5 22. Rxg7+ Kxg7 23. Nxe2 Qxe2 24. Re1 Qh5 25. Bxe4 Rxe4
26. Bh6+ Qxh6 27. Qxh6+ Kxh6 28. Rxe4 Rg8 29. Kf1 Rg7 30. Ke2 Rd7 31. h4 Kg7
32. Re5 b6 33. Re6 Kf7 34. Rc6 Ke7 35. h5 Kf7 36. hxg6+ hxg6 37. f4 Kg7 38. Ke3
Kf7 39. b3 Kg7 40. Ke4 Kf7 41. Kf3 Re7 42. Kg4 Rd7 43. Kh4 {Yusupov,A-Barbero,
G/Mendoza 1985/1-0 (54)}) 14. Qe3 Bxb2 (14... Qb6 15. Qxb6 axb6 16. Bxd6 Rfe8
17. Ba3 Nc5 (17... Rxe2 18. Rfe1 Rae8 19. Bf1 Rxe1 20. Nxe1 Rd8 21. Rc1 Nc5 22.
h3 h5 23. Nf3 Bf6 24. Re1 Kf7 25. Kg2 Na4 26. Ne5+ Kg7 27. g4 hxg4 28. hxg4 Bb1
29. b3 Nc3 30. Bb2 Nd1 31. Nxc6 bxc6 32. Re7+ Kf8 33. Bxf6 $18 {1-0 Umezinwa,
G-Beckman,T/New York op 1994 (38)}) 18. Rad1 (18. Rac1 $6 Na4 $36 {1/2-1/2
Olivier,P-Brault/FRA-chT 1989 (23)}) 18... Rxe2 19. Nd4 $16) 15. Rad1 Re8 16.
Qd2 Qf6 17. e3 Ba3 18. Nd4 Bb4 19. Qe2 Bd7 20. h4 Nc7 21. Qb2 c5 22. Qb3 a5 23.
Nc2 a4 24. Qd3 Bc3 25. Bxd6 Na6 26. Bxb7 Ra7 27. Be5 Qxe5 28. Qxd7 $16 {
time 1-0 Vukic,M-Kaiszauri,K/Skara EUchT 1980}) (11... Re8 12. Bxd6 Ne4 13. Be5
Nac5 14. Qxd8 Raxd8 15. Bxg7 Kxg7 16. Rfc1 Nd2 17. b3 Ndxb3 18. axb3 Nxb3 19.
c5 Bc4 20. e3 Nxa1 21. Rxa1 Rd3 22. Ra3 Red8 23. Nd4 a6 24. Bf1 {1-0 Petursson,
M-Barillaro,L/Reykjavik op 1994}) 12. Bxd6 (12. Ng5 Rfe8 (12... Nc5 $2 13. Qb1
$1 (13. Qxd6 Bxc4 14. Qd4 Bf7 15. b4 Qa3 16. Qxc5 Nd7 17. Qe7 Bxc3 18. Qxd7
Bxa1 19. Rxa1 Qxb4 20. Rd1 Qb2 21. e4 fxe4 22. Bh3 e3 23. Bxe3 {1-0 Bergstrom,
C-Gravaeus/SWE-ch 1981}) 13... Bxc4 14. b4 Qa3 15. bxc5 Qxc3 16. Rc1 Qd4 17.
Be3 $18) 13. Rad1 Rad8 14. a3 Ng4 15. Nxe6 $8 Rxe6 16. h3 Ne5 17. Qc2 Rde8 (
17... Nxc4 18. Qb3 d5 19. Nxd5 cxd5 20. Rxd5 $1 Rxd5 21. Qxc4 $18) 18. e4 $1
Qc5 $2 (18... Nxc4 19. Qb3 Nxb2 20. Qxb2 Bxc3 21. Qxb7 fxe4 22. Qxc6 $16) (
18... Nf7 $5) 19. exf5 gxf5 20. Be3 Qxc4 21. Qxf5 $16 {1-0 Adianto,U-Yilmaz,T/
Novi Sad olm 1990 (40)}) 12... Rfd8 13. Rad1 Ne8 (13... Bf7 $6 14. Ng5 Ne8 15.
Nxf7 Kxf7 16. c5 Nxc5 17. Bd5+ $1 $16 Ne6 18. Bxe6+ Kxe6 19. Qc4+ Kf6 20. Bc5
Qc7 21. Bd4+ Ke7 22. Bxg7 Nxg7 23. Nd5+ Rxd5 24. Rxd5 $16) 14. Qe3 Bxc4 15. Be5
Nf6 16. Rxd8+ Qxd8 17. Rd1 $14) (10... Ng4 11. b3 $5 (11. Ng5 Qe7 $6 (11... Ne5
12. Nxe6 Qe7 13. Qc2 Qxe6 14. b3 Na6) 12. Nd5 Bxd5 13. cxd5 c5 14. Ne6 Re8 15.
e4 (15. Nxg7 Kxg7 16. Bd2 $5 Qxe2 17. Qc3+ Nf6 18. Rfe1 Qb5 19. Bf4 $14) 15...
fxe4 16. Qxe4 Nf6 17. Qh4 Na6 18. Bd2 Nc7 19. Rae1 Qf7 20. Ng5 (20. Nxg7 Qxg7
21. Bc3 $16) 20... Qf8 21. Bh3 Rxe1 22. Rxe1 Re8 $13 {Ostenstad,B-Gretarsson,H/
Gausdal TM 1992/1-0 (69)}) 11... Na6 12. Bf4 $5 (12. Bb2 Nc5 13. Qc2 (13. Qd2)
13... Qe7 14. Rad1 Rad8 15. Nd4 Bf7 16. e3 Rfe8 17. Rfe1 {Line Novikov,
I-Kalinichev,S/Berlin 1991} (17. Rfe1 Nf6 $10)) 12... Nc5 13. Qd2 (13. Qxd6 $2
Bxc3 14. Qxc5 Bxa1 15. Rxa1 Qb6 $17) 13... Qa5 (13... Ne4 $2 14. Nxe4 fxe4 $8
15. Ng5 Bf5 16. Rad1 $16) 14. Rac1 Rad8 15. Bg5 $14 (15. Rfd1 $2 Nxf2 16. Kxf2
Bxc3 $17) 15... Rd7 16. Nd4 $14) (10... Nbd7 11. Bf4 (11. Ng5 Ne5 12. Nxe6 Qe7
13. Qc2 Qxe6 14. b3 Ne4 15. Nxe4 fxe4 16. Ba3 e3 17. f3 Nxf3+ 18. Bxf3 Rxf3 19.
exf3 e2 20. Rfe1 Bxa1 21. Qxe2 Qxe2 22. Rxe2 d5 23. cxd5 cxd5 24. Re7 Rc8 25.
Rxb7 Rc2 26. Rd7 Rxa2 27. Bc5 Rd2 28. Bxa7 Rb2 29. Rxd5 Rxb3 30. Kg2 $14 {
Spassov,L-Jahr,U/Copenhagen op 1981/1-0 (53)}) 11... Nb6 12. b3 Ne4 13. Nd4
Nxc3 14. Nxe6 Qe7 15. Bd2 Qxe6 16. Bxc3 Rae8 (16... Bxc3 17. Qxc3 Nd7 18. Rad1
Nc5 19. e3 Qe5 20. Qc2 a5 21. Rd4 Rad8 22. Rfd1 Rf6 23. Qd2 $14 {Meduna,
E-Palatnik,S/Trnava 1987/0-1 (60)}) 17. Bxg7 Kxg7 18. e3 Rf6 19. Rad1 Qe5 20.
Rd2 Nd7 21. Rfd1 Nc5 22. Qc2 Ne4 23. Rd4 Ng5 24. Qd2 Nf7 25. b4 Qe7 26. Qc3 Kg8
27. Qa3 a6 28. b5 axb5 29. cxb5 d5 30. Qb3 Nd6 31. a4 Nc4 32. Ra1 Qd8 33. Qc3
Na5 34. Rb1 Rd6 35. bxc6 bxc6 36. Qc5 Rd7 37. Rdb4 Qa8 38. h4 Rc8 39. h5 Nc4
40. h6 Rdc7 41. Rxc4 dxc4 42. Bf1 Rd7 43. Bxc4+ Rd5 44. Qe7 {1-0 Uhlmann,
W-Zwaig,A/Halle 1967}) (10... Kh8 $6 {Chuchelov,V} 11. Bf4 Ne8 (11... Re8 $2
12. Ng5 Bg8 13. Rad1 Na6 14. Bxd6 Qb6 15. b3 Rad8 16. Na4 Qa5 17. Qd2 Qxd2 18.
Rxd2 $16 {1-0 Jaster,R-Jaeger,U/DDR-chJ U18 1981 (45)}) (11... d5 12. Ng5 Bg8
13. cxd5 cxd5 14. Rfd1 Nc6 15. Qb5 $16 {1-0 Shvedchikov,A-Alieva,E/Moscow op
Russian Winter 1991 (43)}) 12. Ng5 Bg8 13. e4 (13. Rad1 Na6 14. b3 $14 {
Chuchelov}) 13... Na6 14. Rad1 Nc5 15. Qe2 Qe7 16. Rfe1 fxe4 17. Ncxe4 Nxe4 18.
Bxe4 Rd8 $13 {1-0 Huebner,R-Akvist,H/Oslo CI 1974 (57)}) (10... h6 $6 {
Chuchelov,V} 11. Bf4 d5 12. Rad1 Na6 13. cxd5 Nxd5 14. Be5 Nac7 15. e4 fxe4 16.
Qxe4 Bf7 17. Rfe1 Re8 18. Qd4 Bxe5 19. Nxe5 Qf6 20. f4 Rad8 21. Ne4 Qe7 22. Ng4
Ne6 23. Qe5 Kf8 24. Qh8+ Bg8 25. Nxh6 $18 {1-0 Amado,C-Tempone,M/Buenos Aires
1983 (37)}) 11. Ng5 Nbd7 12. b3 $146 Nc5 13. Qc2 Bd7 (13... Qe7 $5 14. Bb2 Rad8
$13) 14. Bf4 {White tries to exploit a weakness on d6 immediately,but in a
long term it gives blakc sufficient conterplay. Deserved attention} (14. Bb2
Qe7 15. Rad1 {With a complicated play.}) 14... Nh5 $1 15. Bxd6 Na6 (15... Nxb3
16. Qxb3 $1 Qxg5 17. Rac1 $16) 16. Bf4 $8 Nxf4 17. gxf4 Qa5 $8 18. Rac1 (18.
Rad1 Qxc3 19. Qxc3 Bxc3 20. Rxd7 Nc5 21. Rxh7 Rxe2 22. Rh6 Kg7 23. Rh7+ Kg8 24.
Rh6 $11) 18... Nb4 19. Qd2 (19. Qb2 $6 Nxa2 20. Qxa2 Bxc3 21. Qxa5 Bxa5 22. e3
Bb4) 19... Rad8 (19... Nxa2 $2 20. b4 $18) 20. Rfd1 Bc8 (20... h6 $1 21. Nd5
hxg5 $8 (21... cxd5 22. Bxd5+ Kf8 23. Nh7+ Ke7 24. Qe3+ Kd6 25. Bf7+ Kc7 26.
Bxe8 Rxe8 27. Rxd7+ Kxd7 28. Rd1+ Nd5 29. Qg3 $16) 22. Nxb4 gxf4 23. Nd3 Qxd2
24. Rxd2 Be6 $15) 21. Nd5 $1 {After this blow white is gaining decisive
advantage.} cxd5 22. Bxd5+ Rxd5 23. cxd5 Rd8 24. Rc4 (24. d6 Bd7 $5) 24... h6 (
24... Nc6 25. Qxa5 Nxa5 26. Rc7 $18) 25. Rdc1 $1 Bd7 26. Qxb4 Qxb4 27. Rxb4
hxg5 28. Rxb7 Bd4 (28... Bf6 29. fxg5 Bxg5 30. Rcc7 Be8 31. Rxa7 $16) 29. fxg5
Kf8 30. e3 Bb6 31. a4 Be8 32. h4 Rxd5 33. Rc8 $18 Re5 34. h5 f4 35. exf4 Re1+
36. Kg2 gxh5 37. f5 Re2 38. f6 Rxf2+ 39. Kg3 Rf5 40. Re7 1-0